Online
Catalog

Bibliografía venezolanista : (Record no. 23822)

MARC details
000 -CABECERA
campo de control de longitud fija 01004nam a2200217 a 4500
001 - NÚMERO DE CONTROL
campo de control 000024329
005 - FECHA Y HORA DE LA ÚLTIMA TRANSACCIÓN
campo de control 20200930022921.0
008 - DATOS DE LONGITUD FIJA--INFORMACIÓN GENERAL
campo de control de longitud fija 110126s1996 ve r 000 0 spa d
020 ## - NÚMERO INTERNACIONAL ESTÁNDAR DEL LIBRO
Número Internacional Estándar del Libro 980010920X
040 ## - FUENTE DE LA CATALOGACIÓN
Centro catalogador/agencia de origen DO-SdBNP
Lengua de catalogación spa
Centro/agencia transcriptor BNPHU
082 ## - NÚMERO DE LA CLASIFICACIÓN DECIMAL DEWEY
Número de clasificación xx
Número de documento/Ítem xxx
100 1# - ENTRADA PRINCIPAL--NOMBRE DE PERSONA
Nombre de persona Segundo Sánchez, Manuel,
Fechas asociadas al nombre 1868-1945.
9 (RLIN) 49904
245 10 - MENCIÓN DE TÍTULO
Título Bibliografía venezolanista :
Resto del título contribución al conocimiento de los libros extranjeros relativos a Venezuela y sus grandes hombres, publicados o reimpresos desde el siglo XIX /
Mención de responsabilidad, etc. Manuel Segundo Sánchez ; prólogo Pedro Grases.
260 ## - PUBLICACIÓN, DISTRIBUCIÓN, ETC.
Lugar de publicación, distribución, etc. Caracas, Venezuela :
Nombre del editor, distribuidor, etc. Monte Ávila Editores Latinoamericana
-- Banco Central de Venezuela,
Fecha de publicación, distribución, etc. 1996.
300 ## - DESCRIPCIÓN FÍSICA
Extensión xviii, 494, [2] p. ;
Dimensiones 21 cm.
490 1# - MENCIÓN DE SERIE
Mención de serie Documentos
-- documental
500 ## - NOTA GENERAL
Nota general Edición conmemorativa del cincuentenario de la muerte del autor
504 ## - NOTA DE BIBLIOGRAFÍA, ETC.
Nota de bibliografía, etc. Incluye referencias bibliográficas y notas al pie de las páginas
700 1# - PUNTO DE ACCESO ADICIONAL--NOMBRE DE PERSONA
Nombre de persona Grases, Pedro
Término indicativo de función/relación prólogo
9 (RLIN) 10355
830 #0 - PUNTO DE ACCESO ADICIONAL DE SERIE-TÍTULO UNIFORME
Título uniforme Documentos
Nombre de parte o sección de la obra documental
9 (RLIN) 49905
Holdings
Estado de retiro Estado de pérdida Restricciones de uso No para préstamo Código de colección Localización permanente Ubicación/localización actual Ubicación en estantería Fecha de adquisición Número de inventario Total de préstamos Signatura topográfica completa Código de barras Fecha visto por última vez Precio válido a partir de Tipo de ítem Koha Número de copia
      Excluido de préstamo Monografías: Libros y Folletos General General Depósito 26.01.2011 LF1   xx xxx 24329-10 25.06.2020 25.06.2020 No se presta  
  Extraviado   Excluido de préstamo Monografías: Libros y Folletos General General Extraviado 26.05.2017 LF1   xx xxx 24329-20 25.06.2020 25.06.2020 No se presta e. 2

Powered by Koha